Online Catalogue and eLibrary

Legal education for social change (Record no. 2804)

MARC details
000 -LEADER
fixed length control field 00438nam a2200181Ia 4500
005 - DATE AND TIME OF LATEST TRANSACTION
control field 20240531035139.0
008 - FIXED-LENGTH DATA ELEMENTS--GENERAL INFORMATION
fixed length control field 240331s9999 xx 000 0 und d
020 ## - INTERNATIONAL STANDARD BOOK NUMBER
ISBN 9559062166
082 ## - DDC Classification
Item Number - Author Mark GOM
Class No. 340
100 ## - MAIN ENTRY--PERSONAL NAME
Personal name Gomez, Mario
245 #0 - TITLE STATEMENT
Title Legal education for social change
Statement of responsibility, etc. Mario Gomez
250 ## - EDITION STATEMENT
Edition statement 1 st
260 ## - PUBLICATION, DISTRIBUTION, ETC.
Place of publication, distribution, etc. Colombo
Name of publisher, distributor, etc. Law & Society Trust
Date of publication, distribution, etc. 1993
300 ## - PHYSICAL DESCRIPTION
Extent (e.g. Volumes, Pages etc.) 110 p .,
650 ## - SUBJECT ADDED ENTRY--TOPICAL TERM
Topical term or geographic name entry element Law
650 ## - SUBJECT ADDED ENTRY--TOPICAL TERM
Topical term or geographic name entry element Society
942 ## - Koha item type (Biblio)
Koha item type Books in Stacks (Lending)
Holdings
Lost status Damaged status Collection code Home library Current library Shelving location Date acquired Full call number Accession Number Item type
    Lending WERC Library WERC Library Social Science Cupboard 03/31/2024 340 GOm 3859 Books in Stacks (Lending)

© WERC Library